Normal view MARC view

Entry Nombre personal

Number of records used in: 1

001 - NÚMERO DE CONTROL

  • campo de control: 872

003 - IDENTIFICADOR DE NÚMERO DE CONTROL

  • campo de control: AR-BaBN

005 - FECHA Y HORA DE LA ÚLTIMA TRANSACCIÓN

  • campo de control: 20260312133613.0

008 - ELEMENTOS DE DATO DE LONGITUD-FIJA

  • campo de control de longitud fija: 150520nn|acznnaabn|||||||||||a|aaa|||||

016 7# - NÚMERO DE CONTROL DE UNA AGENCIA BIBLIOGRÁFICA NACIONAL

  • Número de control del registro: 000036497
  • Fuente: AR-BaBN

024 7# - IDENTIFICADOR DE OTROS ESTÁNDARES

  • Número estándar o código: 28398934
  • Fuente: viaf
  • URI de un objeto del mundo real: http://viaf.org/viaf/28398934

040 ## - FUENTE DE CATALOGACIÓN

  • Centro catalogador/agencia de origen: AR-BaBN
  • Lengua de catalogación: spa
  • Centro/agencia transcriptor: AR-BaBN
  • Normas de descripción: aacr

043 ## - CÓDIGO DE ÁREA GEOGRÁFICA

  • Código de área geográfica: s-ag---
  • Código ISO: ar-c

046 ## - FECHAS CON CODIFICACIÓN ESPECIAL

  • Fecha de nacimiento: 1948-11-20
  • Fuente del esquema de fecha: edtf

075 ## - TIPO DE ENTIDAD

  • Término tipo de entidad: persona
  • Fuente: rda

100 1# - ENCABEZAMIENTO-NOMBRE DE PERSONA

  • Nombre de persona: Palermo, Miguel Ángel,
  • Fechas asociadas al nombre: 1948-

370 ## - LUGAR ASOCIADO

  • Lugar de nacimiento: San Telmo (Buenos Aires : Barrio)

372 ## - CAMPO DE ACTIVIDAD

  • Campo de actividad: Antropología

374 ## - OCUPACIÓN

  • Ocupación: Antropólogos
  • Ocupación: Profesores universitarios
  • Ocupación: Escritores

375 ## - GÉNERO/SEXO

  • Género: Varón

377 ## - IDIOMA ASOCIADO

  • Código del idioma: spa
  • Término de lengua/lenguaje: español

400 1# - TRAZADO DE VÉASE--NOMBRE DE PERSONA

  • Nombre de persona: Palermo, Miguel,
  • Fechas asociadas al nombre: 1948-

400 1# - TRAZADO DE VÉASE--NOMBRE DE PERSONA

  • Nombre de persona: Palermo, M. A.
  • Forma completa/desarrollada del nombre: (Miguel Ángel),
  • Fechas asociadas al nombre: 1948-

670 ## - FUENTE DE DATOS ENCONTRADOS

  • Cita de la fuente: Arte popular africano, 1976.

670 ## - FUENTE DE DATOS ENCONTRADOS

  • Cita de la fuente: WWW Imaginaria.com.ar, 20 may. 2015:
  • Información encontrada: (Miguel Ángel Palermo n. en San Telmo, Bs. As. , 20 nov. 1948; licenciado en Ciencias Antropológicas (UBA), especializado en etnohistoria, docente universitario, investigador)
  • Identificador Uniforme de Recurso: http://www.imaginaria.com.ar/11/3/palermo.htm

670 ## - FUENTE DE DATOS ENCONTRADOS

  • Cita de la fuente: WWW Fundacion Konex, 20 may. 2015:
  • Información encontrada: Miguel Ángel Palermo, n. 20 nov. 1948; antropólogo, escritor y editor)

670 ## - FUENTE DE DATOS ENCONTRADOS

  • Cita de la fuente: Castro, S.; Breve dicc. de autores arg. desde 1940, 1999:
  • Información encontrada: (Palermo, Miguel Angel, Bs. As., 1948; narrador, antropólogo)